| 000 | 00873nam a22002897a 4500 | ||
|---|---|---|---|
| 003 | CHAP | ||
| 005 | 20220329140810.0 | ||
| 008 | 971013s1975 r 00010 d | ||
| 010 | _a57799 | ||
| 011 | _a58771 | ||
| 035 | _a62927 | ||
| 040 | _cCHAP | ||
| 082 |
_a637.1 _bS6Y 1973 |
||
| 100 | 0 | 0 |
_aApeer, Edgar. _96225 |
| 245 |
_aLactología industrial _b: lecher preparación y elaboración... |
||
| 260 |
_aZaragoza : _bAcribia, _c1975 |
||
| 300 |
_a461 p. _b: ilus. ; gráfs. |
||
| 500 | _aTrad. de la 2ed. alemana de 1973 | ||
| 590 |
_aBATCH-UPD _b10 _c20130110 _lUCH01 _h1601 |
||
| 590 |
_aCONVERSION _b10 _c20130109 _lUCH01 _h1331 |
||
| 650 | 1 | 4 |
_aIndustria lechera. _957819 |
| 650 | 1 | 4 |
_aMantequilla. _970586 |
| 650 | 1 | 4 |
_aQueso _xProcesado. _993233 |
| 901 | _aBK | ||
| 942 | _cLIBRO | ||
| 949 |
_a637.1 S6Y 1973 _bBC _cLIBRO _d-134946 _eLIBRO _h46099 _i62927 _si _t500.00 |
||
| 999 |
_c57799 _d57799 |
||